| 000 | 01114nam a2200301 i 4500 | ||
|---|---|---|---|
| 003 | EG-GICUC | ||
| 005 | 20260121101328.0 | ||
| 008 | 251120s1967 ua ||||fr|||| 00| 0 ara d | ||
| 040 |
_a EG-GICUC _bara _c EG-GICUC _d EG-GICUC _erda |
||
| 041 | 0 | _aara | |
| 082 | 0 | 4 |
_221 _a345.25 _bخ ا . إ |
| 092 | 0 | 4 | _221 |
| 099 | _aLaw1 07 345.25 خ ا . إ 1 ed - 1967 | ||
| 100 | 0 |
_aخالد عبد الحميد فراج _eمؤلف. |
|
| 245 | 1 | 2 |
_aالإدارة امحلية والحكم في عهد الثورة علما وعملا في 15 سنة / _cخالد عبد الحميد فراج. |
| 250 | _aالطبعة الالى | ||
| 264 | 1 |
_a[مكان النشر غير محدد] : _bدار المعارف، _c1967. |
|
| 300 |
_a543 ؛ صفحة _c24 سم |
||
| 336 |
_2rda content _atext |
||
| 337 |
_2rda media _aComputer |
||
| 338 |
_2rda carrier _aOnline Resource |
||
| 546 | _aالنص باللغة العربية | ||
| 650 | 1 | 4 | _aالقانون الإداري |
| 650 | 1 | 4 | _aالحكم المحلي |
| 856 | 4 | 0 | _uhttps://fll.law.cu.edu.eg/fulltext/bks/B07-00868.pdf |
| 905 | _a30 | ||
| 942 |
_2ddc _cBK _e21 _n0 |
||
| 999 |
_c45089 _d45089 |
||